000 00801nam a2200229Ia 4500
001 2496
003 GE_BSU
008 181216s||||||||xx |||||||||||||| ||und||
040 _cGE_BSU
080 _a796(09)
100 _aძაგანია, გურამ
245 _aფიზიკური აღზრდისა და სპორტის ისტორია
245 _cრედ. ჯუანშერ ზალდასტანიშვილი
260 _aთბილისი
260 _bთბილ. უნ-ტის გამ-ბა
260 _c2004
300 _a142გვ.
541 _h6ლ.
653 _aსპორტი
653 _aფიზიკური აღზრდისა და სპორტის ისტორია
942 _cBK
999 _c36577
_d36577